Estadística general aplicada
Na minha lista:
| Principais autores: | , |
|---|---|
| Formato: | Livro |
| Idioma: | espanhol |
| Publicado em: |
Ciudad de México
Fondo de Cultura Económica
1957
|
| coleção: | Sección de obras de economía
|
| Assuntos: | |
| Tags: |
Adicionar Tag
Sem tags, seja o primeiro a adicionar uma tag!
|
MARC
| LEADER | 00000nam a2200000 a 4500 | ||
|---|---|---|---|
| 001 | UCY4522 | ||
| 003 | CL-VaPUC | ||
| 008 | 950315e19570000MX |||||||||||||||||spa|d | ||
| 082 | 0 | 4 | |a 310 |b CRO |2 21 |
| 100 | 0 | |a Croxton, Frederick Emory |e author |9 333003 | |
| 700 | 0 | |a Cowden, Dudley Johnstone |e author |9 333004 | |
| 245 | 1 | 0 | |a Estadística general aplicada |
| 300 | |a 710 p | ||
| 942 | |c BK | ||
| 945 | |d 19950315 00:00:00 |a rbrito | ||
| 260 | |a Ciudad de México |b Fondo de Cultura Económica |c 1957 | ||
| 650 | 0 | |a Estadísticas |9 258644 | |
| 583 | |a last modification |c 19950315 00:00:00 |k Rodrigo Vera | ||
| 490 | 0 | |a Sección de obras de economía | |
| 999 | |c 232356 |d 232354 | ||
| 952 | |0 0 |1 0 |4 0 |6 310_000000000000000_CRO_1957 |7 0 |8 P |9 236547 |a BIBEDU |b BIBEDU |c BIBEDU_PB |d 2019-11-15 |i 3065413 |o 310 CRO 1957 |p 3065413 |r 2024-01-25 |w 2019-11-15 |y BK |k EDU | ||
| 952 | |0 0 |1 0 |4 0 |6 310_000000000000000_CRO_1957 |7 0 |8 P |9 236548 |a BIBEDU |b BIBEDU |c BIBEDU_PB |d 2019-11-15 |i 3065553 |o 310 CRO 1957 |p 3065553 |r 2024-01-25 |w 2019-11-15 |y BK |k EDU | ||